书目信息 |
| 题名: |
战斗集
|
|
| 作者: | 胡可 著 | |
| 分册: | ||
| 出版信息: | 北京 人民文学出版社 1979 |
|
| 页数: | 464页 | |
| 开本: | 19cm | |
| 丛书名: | ||
| 单 册: | ||
| 中图分类: | I234.7 | |
| 科图分类: | ||
| 主题词: | 话剧--剧本--中国--现代--选集 | |
| 电子资源: | ||
| ISBN: | ||
| 000 | 00574nam0 2200229 45 | |
| 001 | 0179003167 | |
| 005 | 20070728180048.20 | |
| 010 | @dCNY0.98 | |
| 091 | @aCN@b10019.1349 | |
| 100 | @a19950719d1979 em y0chiy0121 ea | |
| 101 | 0 | @achi |
| 102 | @aCN@b110000 | |
| 105 | @ay z 000by | |
| 200 | 10 | @a战斗集@Azhan dou ji@f胡可著 |
| 205 | @a2版 | |
| 210 | @a北京@c人民文学出版社@d1979 | |
| 215 | @a464页@d19cm | |
| 606 | @a话剧@x剧本@y中国@z现代@x选集 | |
| 690 | @aI234.7@v3 | |
| 701 | 0 | @a胡可@Ahu ke@4著 |
| 801 | 0 | @aCN@bTSSF@c20070728 |
| 905 | @a10447@dI234.7@e150=2 | |
| 战斗集/胡可著.-2版.-北京:人民文学出版社,1979 |
| 464页;19cm |
| ISBN :CNY0.98 |
| ● |
| 相关链接 |
|
|
|
|
正题名:战斗集
索取号:I234.7/150=2
 
预约/预借
| 序号 | 登录号 | 条形码 | 馆藏地/架位号 | 状态 | 备注 |
| 1 | 0469059 | 204690593 | 密集书库/ [索取号:I234.7/150=2] | 在馆 | |
| 2 | 0785766 | 207857666 | 密集书库/ [索取号:I234.7/150=2] | 在馆 |